ජනනන්දය නම් පුරාණ කව් පොත (Record no. 85009)
[ view plain ]
| 000 -LEADER | |
|---|---|
| fixed length control field | 00438nam a2200157Ia 4500 |
| 003 - CONTROL NUMBER IDENTIFIER | |
| control field | LK-CoDNM |
| 008 - FIXED-LENGTH DATA ELEMENTS--GENERAL INFORMATION | |
| fixed length control field | 010623t1900 xxu||||| |||| 00| 1 sin d |
| 040 ## - CATALOGING SOURCE | |
| Original cataloging agency | LK-CoDNM |
| Modifying agency | LK-CoDNM |
| Description conventions | LK-CoDNM |
| 041 ## - LANGUAGE CODE | |
| Language code of text/sound track or separate title | Sinhala; Sinhalese |
| 942 ## - ADDED ENTRY ELEMENTS (KOHA) | |
| Koha item type | Books |
| 245 ## - TITLE STATEMENT | |
| Title | ජනනන්දය නම් පුරාණ කව් පොත |
| 246 ## - VARYING FORM OF TITLE | |
| Title proper/short title | Jananandaya nam Puraana kavi Potha |
| 260 ## - PUBLICATION, DISTRIBUTION, ETC. (IMPRINT) | |
| Name of publisher, distributor, etc. | M.A.Gomis |
| Place of publication, distribution, etc. | Galle |
| Date of publication, distribution, etc. | 1900 |
| 300 ## - PHYSICAL DESCRIPTION | |
| Other physical details | 20p., 21 cm |
| 650 ## - SUBJECT ADDED ENTRY--TOPICAL TERM | |
| Topical term or geographic name as entry element | Poetry |
| Withdrawn status | Lost status | Damaged status | Not for loan | Collection code | Permanent Location | Current Location | Date acquired | Barcode | Koha item type |
|---|---|---|---|---|---|---|---|---|---|
| Monographs | Library National Museum Colombo - Sri Lanka | Library National Museum Colombo - Sri Lanka | 2023-08-02 | 26668 | Books |


